| 000 | 00495 a2200193 4500 | ||
|---|---|---|---|
| 001 | 000448 | ||
| 003 | OSt | ||
| 005 | 20210915121810.0 | ||
| 008 | |||
| 020 | _a1441970541 | ||
| 040 | _cCURAJ | ||
| 082 |
_a515.353 _bT21P |
||
| 100 | 1 | _aTaylor, Michael E. | |
| 245 | 1 |
_aPartial differential equations _cby Michael E. Taylor |
|
| 260 |
_aNew York _bSpringer _c2009 |
||
| 300 | _a563p. | ||
| 690 | _aDifferential equations, Partial; Mathematics | ||
| 942 |
_2ddc _cBK |
||
| 999 |
_c6 _d6 |
||